Регионална библиотека "Любен Каравелов" - Русе

Маникюр за покойника (Запис номер 77677)

MARC детайли
000 -Лидер
Контролно поле с фиксирана дължина 01421nam a2200325 c 4500
003 - Код на организацията, давaща контролен номер
Контролно поле BLK
005 - Дата и час на последна редакция
Контролно поле 20250210113101.0
008 - Елементи от данни с фиксирана дължина
fixed length control field 180408b bul|||||r ||||||| ||bul||
010 ## - Наследен системен номер
LC control number KNG00082137000
020 ## - Международен стандартен номер на книга ISBN
Международен стандартен номер на книга ISBN 978-954-9667-20-2
-- издат.: Синтаксис
040 ## - Източник на каталожния запис
Идентификатор на билиотеката - собственик на записа BLK
041 ## - Код за език
Код за езика на текст/звукозапис или на отделно заглавие Български
Код за езика КДБФ Български
080 ## - УДК
Текстов определител УДК Руска литература
УДК код - определител по УДК 821.161.1
УДК определител -312.4
УДК - код + определител 821.161.1-312.4
100 1# - Редна дума - Автор
Автор Донцова, Даря
Авторска отговорност първи автор
Автор - информация (биография) Донцова, Агрипина Аркадиевна
R(LIN) 294181
139 ## - Редно поле
Редна дума Донцова, Даря
Авторски знак Дон - Д 77
245 10 - Сведения за заглавието
Заглавие Маникюр за покойника
Подзаглавни данни Роман
Редно поле (дума) Даря Донцова; прев. от рус. Аглая Маврова.
257 ## - Страна на издаване
Страна на създаване/издаване Русия
260 ## - Област на издателските данни
-- София
Име на издателя, разпространителя и проч. Синтаксис
Година на издаване 2007
Печатница София : Симолини
300 ## - Физическа характеристика
Страници 375 с.
Размери/Мащаб 20 см
380 ## - Жанр
Жанр Худож. лит.
490 1# - СЕРИИ (Колекции)
Име на серия Ироничен криминален роман
№: серия Кн. 1
500 ## - Общи забележки
Забележка Ориг. загл. Маникюр для покойника / Дарья Донцова. - Истинското име на авт. е Агрипина Аркадиевна Донцова.
700 1# - Други автори (авторска отговорност)
Лично име Маврова, Аглая
Автороска отговорност (Описва отношението между автора и произведението) прев. от рус.
9 (RLIN) 298422
852 ## - Местоположение
Форматна сигнатура Цб 238838
856 4# - Електронен адрес и достъп
Електронен формат pdf - файл
Път до файла /url/
856 4# - Електронен адрес и достъп
Електронен формат pdf - файл
Път до файла /url/
942 ## - АРТИКУЛИ
Вид на библиотечния материал Книги
Скрит в OPAC Не
Koha issues (borrowed), all copies 6
944 ## - СЪЗДАВАНЕ И РЕДАКЦИЯ на ЗАПИСА
Създаване/Редакция Създаване
Дата на регистрацията/редакция 11.03.2008
Служител, извършил регистрацията/редакцията 30531
Статус, дата на статуса Цветелина Шанова
944 ## - СЪЗДАВАНЕ И РЕДАКЦИЯ на ЗАПИСА
Създаване/Редакция Редакция
Дата на регистрацията/редакция 08.07.2009
Служител, извършил регистрацията/редакцията
999 ## - СИСТЕМНИ КОНТРОЛНИ НОМЕРА
Koha biblionumber 77677
Koha biblioitemnumber 77677
Наличности
Код за отписване Код за изгубен артикул Код за повреда Коз за рестрикции Код за отдаване Артикулен № Име на библиотеката - собственик Име на библиотеката, в която се намира в момента Статус (Текущо местоположение) Дата на вписване в системата Местоположение - отдел Цена в лева Инвентарен номер Систематично азбучна сигнатура Баркод Номер на екземпляра Цена в евро Служебна бележка Служебен тип на артикула
  Не е изгубен Не е повреден без рестрикции заемане за дома 125937 Регионална библиотека "Любен Каравелов" Русе Регионална библиотека "Любен Каравелов" Русе Заемна - подръчен фонд 2008-03-11 Заемна - подръчен фонд 12.00 120000724301 П 882-31/Д 77 120000724301 1 6.14 Дост: Pk Вид: Ф N: 172 Дата: 11.03.2008 Дата инв: 09.02.2018 Бележки инв: П2018 Книги
  Не е изгубен Не е повреден без рестрикции заемане за дома 125938 Регионална библиотека "Любен Каравелов" Русе Регионална библиотека "Любен Каравелов" Русе Заемна - подръчен фонд 2008-06-16 Заемна - подръчен фонд 12.00 120000727171 П 882-31/Д 77 120000727171 2 6.14 Дост: Pk Вид: Ф N: 4274 Дата: 04.06.2008 Дата инв: 09.02.2018 Бележки инв: П2018 Книги
  Не е изгубен Не е повреден без рестрикции ползва се в читалня 125939 Регионална библиотека "Любен Каравелов" Русе Регионална библиотека "Любен Каравелов" Русе Хранилище 2009-07-08 Хранилище 12.00 120000736836 Цб 238838 120000736836 3 6.14 Дост: Dp Вид: Д N: 6 Дата: 27.01.2009 Книги
Vip Innovations Ltd, Rousse, Bulgaria 2025